000 00590nam a2200181 i 4500
001 55089
003 ES-MaACL
005 20251120063130.0
007 t|
008 030912s1964 sp ||||1| spa d
100 1 _aDelgado, Jaime,
_d1923-1993
_9168244
245 1 0 _aFiesta de la hispanidad
_b: sentido actual del 12 de octubre /
_cJaime Delgado Martín.
260 _aPontevedra :
_b[s.n.],
_c1964 (
_fImp. Hogar Provincial)
300 _a20 p. ;
_c22 cm.
650 7 _aDía de la Hispanidad
_2embne
_9159526
852 _aES-MaACL
_j2050-F-11
_bR.55138
999 _c55089
_d55089